| 000 | 01276 a2200265 4500 | ||
|---|---|---|---|
| 003 | Nust | ||
| 005 | 20221018161511.0 | ||
| 010 | _a 99052317 | ||
| 020 | _a1580530354 (alk. paper) | ||
| 040 | _cNust | ||
| 082 | 0 | 0 | _a005.8,KAT |
| 100 |
_aKatzenbeisser, Stefan _9100689 |
||
| 245 | 0 | 0 |
_aInformation hiding techniques for steganography and digital water marking / _cStefan Katzenbeisser, Fabien A.P. Petitcolas, editors. |
| 250 | _aComputer Security Series | ||
| 260 |
_aBoston : _bArtech House, _c2000. |
||
| 300 |
_axviii, 220 p.: _bill. _c24 cm. |
||
| 440 | 0 |
_aArtech House computer security series _995054 |
|
| 505 | _aIntroduction To Information Hiding (Page-1), Secret Writing And Stenography (Page-15), A Survey Of Steganography Techniques (Page-43), Steganalysis (Page-79), Watermarking And Copyright Protection (Page-95).A Survey Of Current Watermarking Techniques (Page-121), Robustness Of Copyright Marking Systems (Page-149), Fingerprinting (Page-175), Copyright On The Internets And Watermarking (Page-191). | ||
| 650 | 0 |
_aComputer security. _9570 |
|
| 650 | 0 |
_aData protection. _96081 |
|
| 650 | 0 |
_aDigital watermarking. _9100690 |
|
| 700 | 1 |
_aKatzenbeisser, Stefan. _9100689 |
|
| 700 | 1 |
_aPetitcolas, Fabien A. P. _9100691 |
|
| 942 |
_cBK _2ddc _k005.8,KAT |
||
| 999 |
_c175314 _d175314 |
||